• 首页
  • 本馆介绍
  • 公告通知
  • 最新文献
  • 馆藏检索
  • 电子资源
  • 读者导购
  • 参考咨询
  • 我的图书馆
  • 登录
  • 详细信息显示
  • 放入我的书架
  • 预约/预借图书
  • 作者相关作品
  • 分类相关作品
  • 丛书相关作品
  • 出版社相关作品

书目信息

  • 表格格式
  • 工作单格式
  • 卡片格式
题名:
新选唐诗三百首
    
 
作者: 武汉大学中文系古典文学教研室选 注
分册:  
出版信息: 北京   人民文学出版社  1980.7
页数: 19,9,485页
开本: 20cm
丛书名:
单 册:
中图分类: I222.427
科图分类:
主题词: 诗歌--中国 , 韵文--中国
电子资源:
ISBN:
000 00697nam0 2200193 45
001 0312221749
005 20070728164228.09
010    @dCNY1.55
100    @a20031222d1980 km y0chiy0120 ea
101    @achi
200 1  @a新选唐诗三百首@AXin Xuan Tang Shi San Bai Shou@f武汉大学中文系古典文学教研室选注@FWu Han Da Xue Zhong Wen Xi Gu Dian Wen Xue Jiao Yan Shi Xuan Zhu
210    @a北京@c人民文学出版社@d1980.7
215    @a19,9,485页@d20cm
606 0  @a诗歌@x中国
606 0  @a韵文@x中国
690    @aI222.427@v3
701 0  @a武汉大学中文系古典文学教研室选@4注
801    @aCN@bTSTCL@c20070728
905    @a213230@dI222.427@e59@b32676@f1@b32679@f1@b43822@f1@b43824@f1@b60955@f1@b60959@f1@b77521-525@f5
    
    新选唐诗三百首/武汉大学中文系古典文学教研室选注.-北京:人民文学出版社,1980.7
    19,9,485页;20cm
    
    
    ISBN :CNY1.55
    
●
相关链接 在E读中查询图书 在五车中查询图书 在当当中查询图书 在豆瓣中查询图书


正题名:新选唐诗三百首     索取号:I222.427/59         预约/预借

序号 登录号 条形码 馆藏地/架位号 状态 备注
1 0032675   202158930   密集书库/ [索取号:I222.427/59] 在馆    
2 0032676   001588614   密集书库/ [索取号:I222.427/59] 在馆    
3 0032679   001588552   密集书库/ [索取号:I222.427/59] 在馆    
4 0043822   001588525   密集书库/ [索取号:I222.427/59] 在馆    
5 0043824   001590200   密集书库/ [索取号:I222.427/59] 在馆    
6 0060947   000965986   第一样本阅览室/ [索取号:I222.427/59] 在馆    
7 0060955   001588516   密集书库/ [索取号:I222.427/59] 在馆    
8 0060959   001588534   密集书库/ [索取号:I222.427/59] 在馆    
9 0077521   001588598   密集书库/ [索取号:I222.427/59] 在馆    
10 0077522   001588543   密集书库/ [索取号:I222.427/59] 在馆    
11 0077523   001588570   密集书库/ [索取号:I222.427/59] 在馆    
12 0077524   001588589   密集书库/ [索取号:I222.427/59] 在馆    
13 0077525   001588605   密集书库/ [索取号:I222.427/59] 在馆    
14 0472327   204723273   密集书库/ [索取号:I222.427/59] 在馆    
15 0474112   204741128   密集书库/ [索取号:I222.427/59] 在馆    
16 0786642   207866424   密集书库/ [索取号:I222.427/59] 在馆    
唐山师范学院图书馆 欢迎您!
大连网信软件有限公司© 版权所有